000 01117nam a22002417a 4500
005 2010083008028.0
010 _aMAR-20226
020 _c200.00
_a9789380700069
035 _aMR-12884
037 _bDBAD / PUB
082 _a891.46301
100 _aपवार, जयंत
_918325
245 _aफिनिक्सच्या राखेतून उठला मोर /
_cजयंत पवार
246 _aPhoenixchya Rakhetun Uthala Mor
_bbyJayant Pawar
260 _aमुंबई
_bलोकवाड्मय गृह
_c2010
270 _aभूपेश गुप्ता भवन, 85 सयानी रोड,प्रभादेवी
_bमुंबई
_e400025
300 _a179पृ
_c22सेमी (अजिल्द)
650 _aमराठी कथासंग्रह
_918326
650 _aMarathi Short Stories
_918327
700 _917934
942 _2ddc
_cMR
_mपवार
_h891.46301
999 _c43745
_d43745